000 01065cam a22002297a 4500
020 _a9789251058725
020 _a9251058725
040 _cSDB
082 0 0 _a338 FOO 2007 A078 Or.
245 1 0 _aGlobal trade conference on aquaculture :
_b29-31 May 2007, Qingdao, China : [proceedings] /
260 _aRome :
_bFood and Agriculture Organization of the United Nations,
_cc2007.
300 _ax, 271 p. :
_bill. (some col.), ports. (chiefly col.) ;
_c30 cm.
500 _a"Organized by the FAO Fisheries and Aquaculture Department in cooperation with FISHINFONetwork and ... hosted by the Chinese Ministry of Agriculture with the support of its Bureau of Fisheries and the Society of Fisheries"--P. [4] of cover.
500 _a"TC/M/A1454E/1/11.07/1800"--P. [4] of cover.
650 0 _aAquaculture
700 1 _aArthur, J. R.
700 1 _aNierentz, Jochen.
710 2 _aFood and Agriculture Organization of the United Nations.
710 2 _aFAO Fisheries and Aquaculture Dept.
856 4 1 _uhttp://www.fao.org/docrep/010/a1454e/a1454e00.htm
942 _cEK
999 _c15767
_d15767